000 00250nam a2200097Ia 4500
001 681560
005 20250826161402.0
008 250824s9999 xx 000 0 und d
245 0 _aGULLIVER İN GEZİLERİ
_cJONATHAN SWİFT
260 _bAKVARYUM YAYINEVİ
999 _c681560
_d681560